[Event "Terrasini Mediterranean op 3rd"]
[Site "Terrasini"]
[Date "2012.06.29"]
[Round "8"]
[White "Lo Piccolo, Antonino"]
[Black "Elbert, Gebhard"]
[Result "0-1"]
[WhiteElo "1862"]
[BlackElo "1990"]
[PlyCount "80"]
[EventDate "2012.06.24"]
[EventType "swiss"]
[EventRounds "9"]
[EventCountry "ITA"]
[SourceTitle "CBM 149 Extra"]
[Source "ChessBase"]
[SourceDate "2012.08.24"]
[SourceVersion "1"]
[SourceVersionDate "2012.08.24"]
[SourceQuality "1"]

1. d4 d5 2. c4 c6 3. Nf3 e6 4. Nc3 dxc4 5. a4 Bb4 6. e3 b5 7. Bd2 a5 8. b3 Bxc3 9. Bxc3 b4 10. Bd2 c3 11. Bc1 Ba6 12. Bxa6 Nxa6 13. Ne5 Nf6 14. Nxc6 Qd5 15. Qf3 Nc7 16. Ne5 0-0 17. Nc4 Ra6 18. 0-0 Ne4 19. Ra2 f5 20. Qf4 Rc6 21. f3 Nf6 22. Rff2 Nce8 23. Qe5 Ra6 24. h3 Nd6 25. Nxd6 Rxd6 26. Rf1 Rc6 27. Qxd5 exd5 28. g4 g6 29. gxf5 gxf5 30. Rg2+ Kf7 31. Kf2 Rfc8 32. Rfg1 Rg8 33. Rxg8 Nxg8 34. Ke2 Rc8 35. Kd3 Re8 36. Rg5 Kf6 37. Rh5 Kg6 38. Rh4 Nf6 39. e4 dxe4+ 40. fxe4 fxe4+ 0-1

[Event "Terrasini Mediterranean op 3rd"]
[Site "Terrasini"]
[Date "2012.06.28"]
[Round "3"]
[White "Assmann, Norbert"]
[Black "Elbert, Gebhard"]
[Result "1/2-1/2"]
[WhiteElo "1921"]
[BlackElo "1990"]
[PlyCount "30"]
[EventDate "2012.06.24"]
[EventType "swiss"]
[EventRounds "9"]
[EventCountry "ITA"]
[SourceTitle "CBM 149 Extra"]
[Source "ChessBase"]
[SourceDate "2012.08.24"]
[SourceVersion "1"]
[SourceVersionDate "2012.08.24"]
[SourceQuality "1"]

1. Nf3 d5 2. d4 c6 3. c3 e6 4. Bg5 Be7 5. Bxe7 Qxe7 6. e3 f5 7. Ne5 Nf6 8. Nd2 Nbd7 9. Ndf3 Ne4 10. Bd3 Ndf6 11. Bxe4 Nxe4 12. Nd2 Nf6 13. 0-0 Bd7 14. Nxd7 Nxd7 15. Nf3 0-0 1/2-1/2

[Event "Terrasini Mediterranean op 3rd"]
[Site "Terrasini"]
[Date "2012.06.24"]
[Round "1"]
[White "Napoli, Nicolo"]
[Black "Elbert, Gebhard"]
[Result "1-0"]
[WhiteElo "2298"]
[BlackElo "1990"]
[PlyCount "41"]
[EventDate "2012.06.24"]
[EventType "swiss"]
[EventRounds "9"]
[EventCountry "ITA"]
[SourceTitle "CBM 149 Extra"]
[Source "ChessBase"]
[SourceDate "2012.08.24"]
[SourceVersion "1"]
[SourceVersionDate "2012.08.24"]
[SourceQuality "1"]

1. Nf3 d5 2. g3 Bg4 3. Bg2 Nd7 4. c4 e6 5. cxd5 exd5 6. Qb3 Nc5 7. Qe3+ Qe7 8. Ne5 Be6 9. b3 Qf6 10. d4 Na6 11. 0-0 Be7 12. Nc3 c6 13. Qd2 Nh6 14. e4 Nc7 15. Qe2 0-0-0 16. h4 Bd7 17. exd5 cxd5 18. Nxd7 Rxd7 19. Bh3 Ne6 20. Bg5 Qxd4 21. Rfd1 1-0

[Event "Regionalliga NW 0708"]
[Site "Bayern"]
[Date "2008.04.06"]
[Round "8.4"]
[White "Elbert, Gebhard"]
[Black "Scherbel, Hans"]
[Result "0-1"]
[WhiteElo "1899"]
[BlackElo "2043"]
[PlyCount "75"]
[EventDate "2007.10.21"]
[EventType "team-tourn"]
[EventRounds "9"]
[EventCountry "GER"]
[SourceTitle "EXT 2009"]
[Source "ChessBase"]
[SourceDate "2008.11.26"]
[SourceVersion "1"]
[SourceVersionDate "2008.11.26"]
[SourceQuality "1"]
[WhiteTeam "Sailauf"]
[BlackTeam "Nordhalben"]
[WhiteTeamCountry "GER"]
[BlackTeamCountry "GER"]

1. d4 e6 2. Nf3 d5 3. e3 Nf6 4. Bd3 c6 5. b3 Bb4+ 6. c3 Bd6 7. Ne5 0-0 8. 0-0 Nbd7 9. f4 Ne4 10. Qc2 f5 11. Nd2 Ndf6 12. Ndf3 Bd7 13. Bb2 Qe7 14. Nxd7 Qxd7 15. c4 c5 16. Ne5 Qe7 17. Rae1 Rac8 18. Be2 Rc7 19. b4 cxb4 20. c5 Bxe5 21. fxe5 Nd7 22. Rc1 Nb8 23. Qa4 Nc6 24. Bb5 Rfc8 25. a3 bxa3 26. Bxa3 a6 27. Be2 Qd7 28. Qc2 Rf8 29. Rb1 f4 30. Qd3 fxe3 31. Qxe3 Rxf1+ 32. Rxf1 Qd8 33. Bg4 Qe8 34. Qh3 Nxd4 35. c6 Rf7 36. Rxf7 Qxf7 37. Qh4 g5 38. Bh5 0-1

[Event "Regionalliga NW 0405"]
[Site "Bayern"]
[Date "2005.02.13"]
[Round "7.7"]
[White "Goetschel, Sebastian"]
[Black "Elbert, Gebhard"]
[Result "0-1"]
[WhiteElo "1826"]
[BlackElo "1884"]
[PlyCount "73"]
[EventDate "2004.10.24"]
[EventType "team-tourn"]
[EventRounds "9"]
[EventCountry "GER"]
[SourceTitle "EXT 2007"]
[Source "ChessBase"]
[SourceDate "2006.11.23"]
[SourceVersion "1"]
[SourceVersionDate "2006.11.23"]
[SourceQuality "1"]
[WhiteTeam "Kulmbach"]
[BlackTeam "Sailauf"]
[WhiteTeamCountry "GER"]
[BlackTeamCountry "GER"]

1. c4 c6 2. g3 Nf6 3. Bg2 d5 4. Nf3 Qc7 5. d4 e6 6. 0-0 Nbd7 7. Nc3 Bd6 8. c5 Be7 9. Bf4 Qd8 10. b4 0-0 11. Qd3 Nh5 12. Bd2 Qc7 13. e4 dxe4 14. Nxe4 Ndf6 15. Rad1 Nxe4 16. Qxe4 Nf6 17. Qc2 Nd5 18. a3 Bd7 19. Ng5 g6 20. Rfe1 Bf6 21. Bc1 a5 22. Ne4 Bg7 23. Qb3 axb4 24. axb4 b5 25. Nc3 Ra7 26. Bb2 Rfa8 27. Ra1 Qd8 28. Ne4 Ra4 29. Bc3 R8a6 30. Rxa4 Rxa4 31. Rd1 Qa8 32. Be1 Ra3 33. Qc2 Qa4 34. Qe2 Nxb4 35. Nc3 Qc2 36. Qf3 Nd5 37. Ne4 0-1

[Event "Regionalliga NW 0405"]
[Site "Bayern"]
[Date "2004.10.24"]
[Round "1.7"]
[White "Stumpf, Hilmar"]
[Black "Elbert, Gebhard"]
[Result "1/2-1/2"]
[WhiteElo "1885"]
[BlackElo "1884"]
[PlyCount "89"]
[EventDate "2004.10.24"]
[EventType "team-tourn"]
[EventRounds "9"]
[EventCountry "GER"]
[SourceTitle "EXT 2007"]
[Source "ChessBase"]
[SourceDate "2006.11.23"]
[SourceVersion "1"]
[SourceVersionDate "2006.11.23"]
[SourceQuality "1"]
[WhiteTeam "Nordhalben"]
[BlackTeam "Sailauf"]
[WhiteTeamCountry "GER"]
[BlackTeamCountry "GER"]

1. d4 d5 2. e3 c6 3. f4 g6 4. Bd3 Nh6 5. Nf3 Bg7 6. 0-0 0-0 7. c3 Nd7 8. Nbd2 Nb6 9. Qe2 Qc7 10. Nb3 Bf5 11. e4 dxe4 12. Bxe4 Bxe4 13. Qxe4 Nf5 14. Re1 Rfe8 15. g3 Bf6 16. Qe2 Rad8 17. Ne5 Nd7 18. Qf3 e6 19. Re2 a5 20. Be3 a4 21. Nxd7 Rxd7 22. Nc5 Rd5 23. Nxa4 Qa5 24. Nc5 b6 25. Ne4 Bg7 26. Bf2 h5 27. a3 Qa4 28. Rc1 Rc8 29. Rd2 Rcd8 30. Qe2 c5 31. dxc5 Rxd2 32. Nxd2 bxc5 33. Bxc5 h4 34. Bf2 h3 35. Qe4 Qb5 36. Nc4 Rc8 37. Ne5 Qxb2 38. Rd1 Qxc3 39. Nf3 Qxa3 40. Ng5 Rc1 41. Qe1 Rxd1 42. Qxd1 Ne3 43. Bxe3 Qxe3+ 44. Kf1 Bd4 45. Nxh3 1/2-1/2

[Event "Cesenatico op 9th"]
[Site "Cesenatico"]
[Date "2004.09.09"]
[Round "6"]
[White "Emami, Madjid"]
[Black "Elbert, Gebhard"]
[Result "1/2-1/2"]
[WhiteElo "2081"]
[BlackElo "2000"]
[PlyCount "94"]
[EventDate "2004.09.04"]
[EventType "swiss"]
[EventRounds "9"]
[EventCountry "ITA"]
[SourceTitle "EXT 2007"]
[Source "ChessBase"]
[SourceDate "2006.11.23"]
[SourceVersion "1"]
[SourceVersionDate "2006.11.23"]
[SourceQuality "1"]

1. Nf3 d5 2. b3 Nf6 3. Bb2 g6 4. Bxf6 exf6 5. d4 Bg7 6. e3 0-0 7. Bd3 Re8 8. 0-0 c6 9. Nbd2 f5 10. c4 Bd7 11. b4 b6 12. Rc1 Na6 13. Qb3 Nc7 14. a4 Be6 15. c5 bxc5 16. bxc5 Bd7 17. g3 Ne6 18. Qc3 Rb8 19. Rb1 Qc7 20. a5 Rec8 21. a6 Qd8 22. Rxb8 Rxb8 23. Rb1 Rxb1+ 24. Bxb1 Qb8 25. Bd3 Nd8 26. Nb3 f6 27. Kg2 Bf8 28. Na5 Bc8 29. h4 Be7 30. Ng1 Kf7 31. Ne2 Bd7 32. Nf4 Bc8 33. Qa3 Bd7 34. f3 g5 35. Ne2 gxh4 36. gxh4 Ne6 37. Qc1 Qb4 38. Nb7 Nc7 39. Qc2 Qe1 40. Ng3 Qxe3 41. Bxf5 Ne6 42. Bxe6+ Bxe6 43. Qxh7+ Ke8 44. Nd6+ Bxd6 45. cxd6 Qd2+ 46. Kh1 Qe1+ 47. Kg2 Qd2+ 1/2-1/2

[Event "Unterfranken-ch M2 51th"]
[Site "Sailauf"]
[Date "2000.04.26"]
[Round "4"]
[White "Bachmann, Wolfgang"]
[Black "Elbert, Gebhard"]
[Result "1-0"]
[WhiteElo "1953"]
[BlackElo "1832"]
[PlyCount "65"]
[EventDate "2000.04.24"]
[EventType "swiss"]
[EventRounds "9"]
[EventCountry "GER"]
[SourceTitle "EXT 2015"]
[Source "ChessBase"]
[SourceDate "2014.11.20"]
[SourceVersion "1"]
[SourceVersionDate "2014.11.20"]
[SourceQuality "1"]

1. d4 d5 2. Nf3 c6 3. e3 e6 4. Bd3 f5 5. Ne5 Qf6 6. Nd2 Nd7 7. f4 Nh6 8. Ndf3 Be7 9. Nxd7 Bxd7 10. Ne5 0-0-0 11. c4 g5 12. c5 gxf4 13. exf4 Ng4 14. Nxg4 fxg4 15. Qa4 Kb8 16. Bd2 Bc8 17. 0-0-0 Rde8 18. Kb1 Bd8 19. Rc1 h5 20. Rc3 Qg7 21. Ra3 a6 22. Rb3 Ka7 23. Ba5 Bc7 24. Bb6+ Bxb6 25. Rxb6 Qc7 26. Qa5 Re7 27. Re1 Rf8 28. g3 Rff7 29. Re3 Rf8 30. Be2 e5 31. dxe5 d4 32. Ra3 Rxe5 33. Rxa6+ 1-0

[Event "Unterfranken-ch M2 50th"]
[Site "Koenigshofen"]
[Date "1999.??.??"]
[Round "2"]
[White "Elbert, Gebhard"]
[Black "Behl, Walter"]
[Result "1/2-1/2"]
[WhiteElo "1845"]
[BlackElo "1930"]
[PlyCount "34"]
[EventDate "1999.04.05"]
[EventType "swiss"]
[EventRounds "9"]
[EventCountry "GER"]
[SourceTitle "EXT 2004"]
[Source "ChessBase"]
[SourceDate "2003.11.25"]
[SourceVersion "1"]
[SourceVersionDate "2003.11.25"]
[SourceQuality "1"]

1. Nf3 d5 2. c4 c6 3. b3 Bg4 4. Bb2 e6 5. Ne5 Bf5 6. g3 Nf6 7. Bg2 Be7 8. 0-0 Nbd7 9. d3 Nxe5 10. Bxe5 d4 11. Bxf6 Bxf6 12. b4 Qb6 13. Qb3 a5 14. b5 a4 15. Qb2 e5 16. Nd2 0-0 17. a3 Bd7 1/2-1/2

[Event "Unterfranken-ch M2 50th"]
[Site "Koenigshofen"]
[Date "1999.??.??"]
[Round "7"]
[White "Elbert, Gebhard"]
[Black "Degering, Benedikt"]
[Result "1-0"]
[WhiteElo "1845"]
[BlackElo "1755"]
[PlyCount "55"]
[EventDate "1999.04.05"]
[EventType "swiss"]
[EventRounds "9"]
[EventCountry "GER"]
[SourceTitle "EXT 2004"]
[Source "ChessBase"]
[SourceDate "2003.11.25"]
[SourceVersion "1"]
[SourceVersionDate "2003.11.25"]
[SourceQuality "1"]

1. Nf3 g6 2. c4 Bg7 3. Nc3 d6 4. g3 e5 5. d4 exd4 6. Nxd4 Nf6 7. Bg2 0-0 8. 0-0 c6 9. Rb1 Be6 10. Nxe6 fxe6 11. e4 Qc7 12. Bf4 e5 13. Be3 Nbd7 14. Qe2 Nb6 15. Rfd1 Rad8 16. Rd2 Qf7 17. b3 Nc8 18. Rbd1 c5 19. Bxc5 Bh6 20. Rd3 b6 21. Ba3 a6 22. Bh3 Qb7 23. Bxd6 Nxd6 24. Rxd6 Rxd6 25. Rxd6 b5 26. c5 b4 27. Nd5 Bg7 28. Qc2 1-0

[Event "Unterfranken-ch M2 50th"]
[Site "Koenigshofen"]
[Date "1999.??.??"]
[Round "8"]
[White "Elbert, Gebhard"]
[Black "Markert, Markus"]
[Result "0-1"]
[WhiteElo "1845"]
[BlackElo "1875"]
[PlyCount "20"]
[EventDate "1999.04.05"]
[EventType "swiss"]
[EventRounds "9"]
[EventCountry "GER"]
[SourceTitle "EXT 2004"]
[Source "ChessBase"]
[SourceDate "2003.11.25"]
[SourceVersion "1"]
[SourceVersionDate "2003.11.25"]
[SourceQuality "1"]

1. Nf3 e6 2. c4 c5 3. d3 Nc6 4. b3 Qf6 5. d4 Nxd4 6. Nxd4 Qxd4 7. Qxd4 cxd4 8. g3 Ne7 9. Na3 a6 10. c5 Nc6 0-1

[Event "Unterfranken-ch M2 50th"]
[Site "Koenigshofen"]
[Date "1999.??.??"]
[Round "4"]
[White "Krausert, Helmut"]
[Black "Elbert, Gebhard"]
[Result "1-0"]
[WhiteElo "1835"]
[BlackElo "1845"]
[PlyCount "123"]
[EventDate "1999.04.05"]
[EventType "swiss"]
[EventRounds "9"]
[EventCountry "GER"]
[SourceTitle "EXT 2004"]
[Source "ChessBase"]
[SourceDate "2003.11.25"]
[SourceVersion "1"]
[SourceVersionDate "2003.11.25"]
[SourceQuality "1"]

1. e4 Nc6 2. Nf3 e5 3. Nc3 g6 4. Nd5 Bg7 5. c3 Nge7 6. Nxe7 Qxe7 7. d3 b6 8. b4 Nd8 9. a4 d6 10. Bg5 f6 11. Be3 Bb7 12. Qb3 Qe6 13. Qxe6+ Nxe6 14. Nd2 c5 15. bxc5 dxc5 16. c4 f5 17. f3 Rd8 18. Ra3 Nd4 19. Bxd4 cxd4 20. Be2 Bh6 21. Kd1 Bf8 22. Ra2 Bb4 23. Kc2 Bc6 24. Rb1 Bc3 25. Nf1 fxe4 26. fxe4 Bd7 27. h3 Rf8 28. Bf3 Bxh3 29. Rb5 Be6 30. Rxe5 Kd7 31. Rg5 Rf4 32. Kd1 Rdf8 33. Ng3 Rxf3 34. gxf3 Rxf3 35. Rh2 Bg8 36. Kc2 Bb4 37. Ne2 Be7 38. Rb5 Bc5 39. a5 g5 40. axb6 axb6 41. Rb1 Ke6 42. Rg1 Kf6 43. Rgg2 Kg6 44. Rf2 Rxf2 45. Rxf2 Bxc4 46. e5 Bd5 47. Ng3 h5 48. Rf6+ Kh7 49. Nxh5 g4 50. Nf4 Bf3 51. e6 Kg8 52. Nh5 Bd5 53. Nf4 Bf3 54. Nh5 Bd5 55. Rg6+ Kf8 56. Nf4 Bf3 57. Rf6+ Kg8 58. Rf7 g3 59. Rf5 Be7 60. Ng6 g2 61. Nxe7+ Kh7 62. Rg5 1-0

[Event "Regionalliga NW 9798"]
[Site "Bayern"]
[Date "1998.??.??"]
[Round "?.6"]
[White "Elbert, Gebhard"]
[Black "Wambach, Juergen"]
[Result "1/2-1/2"]
[WhiteElo "1865"]
[BlackElo "1980"]
[PlyCount "83"]
[EventDate "1997.10.??"]
[EventType "team-tourn"]
[EventRounds "9"]
[EventCountry "GER"]
[SourceTitle "EXT 2020"]
[Source "ChessBase"]
[SourceDate "2019.10.17"]
[SourceVersion "1"]
[SourceVersionDate "2019.10.17"]
[SourceQuality "1"]
[WhiteTeam "Sailauf"]
[BlackTeam "Klingenberg"]
[WhiteTeamCountry "GER"]
[BlackTeamCountry "GER"]

1. Nf3 Nf6 2. c4 g6 3. b3 Bg7 4. Bb2 0-0 5. e3 c6 6. Be2 d5 7. 0-0 Nbd7 8. Na3 Qa5 9. Qc1 a6 10. Bc3 Qc7 11. Qb2 Re8 12. cxd5 cxd5 13. Rac1 Qd6 14. b4 b5 15. Bd4 e5 16. Bc5 Qe6 17. Qb1 Bb7 18. d4 Ne4 19. Rc2 g5 20. h3 f5 21. Nh2 Qg6 22. Qd1 Re6 23. Nb1 Bc6 24. Nc3 Nxc3 25. Rxc3 e4 26. Ra3 Nf6 27. Ra5 Bd7 28. a4 Rb8 29. axb5 Bxb5 30. Bxb5 Rxb5 31. Rxb5 axb5 32. Qa1 Qe8 33. Qa5 Qc6 34. Ra1 Re8 35. Qa7 Nd7 36. Ra6 Qc8 37. Nf1 Bf8 38. Nd2 Nb8 39. Rb6 Nc6 40. Qb7 Qxb7 41. Rxb7 Rb8 42. Rc7 1/2-1/2